000 02575 a2200289 4500
001 2162214035925118
003 UA-OsUOA
005 20240819143210.0
008 240710b un ||||| |||| 00| 0 rus d
020 _a5110025363
040 _aUA-OsUOA
_bukr
_cUA-OsUOA
_dUA-OsUOA
041 _arus
_aeng
080 _a81
090 _a81
_bC80
245 _aСтилистика английского языка
_cА. Н. Мороховский, О. П. Воробьева, Н. И. Лихошерст, З. В. Тимошенко
260 _aКиев
_bВыща школа
_c1991
300 _a272 с.
520 _aВ учебнике излагаются основы стилистики английского языка - синтезирующей лингвистической дисциплины, изучающей язык как систему, то есть как множество элиментов, объединенных единством трех объективных начал: вещественного субстрата (выразительные стедства всех языковых уровней), структуры внутренних отношений (стилистические приемы на всех речевых уровнях) и функциональных связей со средой (функциональные типы языка, функциональные стили, типы и жанры высказываний и текстов). Состоит из восьми глав, в которых изложены методологические и лингвистические основы стилистики, сформулирован концептуальный апарат стилистики на базе общелингвистических понятий. Рассмотрены выразительные средства и стилистические приемы всех языковых уровней. Для студентов институтов и факультетов иностранных языков.
648 _a81 Лінгвістика. Мовознавство. Мови
_93614
700 1 _aА. Н. Мороховский А. Н.
_93615
700 1 _aВоробьева О. П.
_93616
700 1 _aЛихошерст Н. И.
_93617
700 1 _aТимошенко З. В.
_93618
942 _cBK
_2udc
955 _a2
999 _c576593
_d576593